Motivácia zamestnancov – Kľúč k úspechu. Návrhy a odporúčania pre manažérov hotela prostredníctvom zvyšovania motivácie zamestnancov bakalárska práca

Na minha lista:
Detalhes bibliográficos
Autor principal: Klimčíková, Eva
Autor Corporativo: Obchodná fakulta EU. Katedra marketingu
Outros Autores: Lukačovičová, Zuzana
Formato: Livro
Idioma:eslovaco
Publicado em: Bratislava 2016
Tags: Adicionar Tag
Sem tags, seja o primeiro a adicionar uma tag!

MARC

LEADER 00000nbm a2200000 4500
001 0218722
005 20170120154044.6
041 0 |a slo 
044 |a SK 
245 1 0 |a Motivácia zamestnancov – Kľúč k úspechu. Návrhy a odporúčania pre manažérov hotela prostredníctvom zvyšovania motivácie zamestnancov  |b bakalárska práca  |c Eva Klimčíková ; školiteľ: Zuzana Lukačovičová 
264 1 |a Bratislava  |c 2016 
300 |a 59 s. 
100 1 |a Klimčíková, Eva 
700 1 |a Lukačovičová, Zuzana 
710 2 |a Obchodná fakulta EU. Katedra marketingu